000 01066nam a22002537a 4500
005 20170124102936.0
010 _aB-081079
020 _c500.00
035 _aB-081079
037 _bCen Lib/Ret
040 _aDPL
_bHN
082 _a796
_bथानीयो
100 _aथानी, योगराज
_9105759
245 _aशारीरिक शिक्षा, खेल एवं चिकित्सा शास्त्र /
_cयोगराज थानी
246 _aYograj Thani /
_bby Yograj Thani
260 _aदिल्ली
_bखेल साहित्य केंद्र
_c2004
270 _bदिल्ली
_aबी-४/४०-ए, लोरेंस रोड
_e110035
300 _a292पृ.
_c19सेमी(सजिल्द )
650 _aशारीरिक शिक्षा
_x
_9105760
650 _aचिकित्सा शास्त्र
_9105761
650 _a Physical education
_922886
650 _aMedically
_946774
942 _2ddc
_cHN
_h796
_mथानीयो
999 _c112299
_d112299